书目信息 |
| 题名: |
梅花
|
|
| 作者: | 王其超 等编 | |
| 分册: | ||
| 出版信息: | 上海 上海科学技术出版社 1998.11 |
|
| 页数: | 191页 | |
| 开本: | 大32开 | |
| 丛书名: | ||
| 单 册: | ||
| 中图分类: | S685.17-5 | |
| 科图分类: | ||
| 主题词: | 观赏园艺 , 花卉 , 园林树木 | |
| 电子资源: | ||
| ISBN: | 7-5323-4804-0 | |
| 000 | 00563nam0 2200205 45 | |
| 001 | 9911301546 | |
| 005 | 19991130154049.0 | |
| 010 | @a7-5323-4804-0@d11.20 | |
| 100 | @a19991130d1998 km y0chiy0120 ea | |
| 101 | @achi | |
| 105 | @a z 000yy | |
| 200 | 1 | @a梅花@AMei Hua@f王其超 等编@FWang Qi Chao Deng Bian |
| 210 | @a上海@c上海科学技术出版社@d1998.11 | |
| 215 | @a191页@c无图表@d大32开 | |
| 606 | 0 | @a观赏园艺 |
| 606 | 0 | @a花卉 |
| 606 | 0 | @a园林树木 |
| 690 | @aS685.17-5@v3 | |
| 801 | @aCN@bPerfectUser@c19991130 | |
| 905 | @aBZT@b70669-670@f2@dS685.17-5@e1 | |
| 梅花/王其超 等编.-上海:上海科学技术出版社,1998.11 |
| 191页:无图表;大32开 |
| ISBN 7-5323-4804-0:11.20 |
| ● |
| 相关链接 |
|
|
|
正题名:梅花
索取号:S685.17-5/1
 
预约/预借
| 序号 | 登录号 | 条形码 | 馆藏地/架位号 | 状态 | 备注 |
| 1 | 70669 | 200553953 | 中心书库中库/ 中库032架A面6列4层27/ [索取号:S685.17-5/1] | 在馆 | |
| 2 | 70670 | 200553926 | 中心书库中库/ 中库032架A面6列4层26/ [索取号:S685.17-5/1] | 在馆 |